Ďalšie zmeny v sociálnom zabezpečení

Bibliographic Details
Main Author: -šk- (Author)
Format: Article
Language:Slovak
Subjects:

MARC

LEADER 00000nab a2200000 a 4500
001 vtls000432352
003 SK-MaSNL
005 20260304175022.0
008 120925c1991 xo 0 slo
015 |a SNBRB19rr/mm-uuuuu 
035 |a CL0432480 
040 |a SNKBUCL  |b slo  |c SNKBUCL  |e AACR2 
041 0 |a slo 
044 |a xo  |c SK 
080 |a 362.62  |2 1981 
100 1 |a -šk-  |4 aut  |9 871711 
245 1 0 |a Ďalšie zmeny v sociálnom zabezpečení  |c -šk- 
650 0 7 |a dôchodcovia  |2 snkbucl  |9 28688 
650 0 7 |a sociálna starostlivosť  |2 snkbucl  |9 3737 
650 0 7 |a dôchodkové zabezpečenie  |2 snkbucl  |9 29237 
655 7 |a články z novín a časopisov  |2 snkbucl  |9 267496 
773 0 |t Odborárske spektrum  |g Roč. 2, č. 19 (1991), s. 15 
850 |a Slovenská národná knižnica v Martine  |a MTA001 
852 |a SNK  |b KIS3GCP 
958 |a RK 
992 |a RBX 
999 |c 3011647  |d 3013577